Normal view
MARC view
- FORTRAN 77 (Computer program language)
Entry Topical Term
001 - CONTROL NUMBER
- control field: 36771
003 - CONTROL NUMBER IDENTIFIER
- control field: NUST
005 - DATE AND TIME OF LATEST TRANSACTION
- control field: 20210314130107.0
008 - FIXED-LENGTH DATA ELEMENTS
- fixed length control field: 210314|| aca||aabn | a|a d
040 ## - CATALOGING SOURCE
- Original cataloging agency: NUST
- Transcribing agency: NUST
150 ## - HEADING--TOPICAL TERM
- Topical term or geographic name entry element: FORTRAN 77 (Computer program language)
670 ## - SOURCE DATA FOUND
- Source citation: Work cat.: (NUST): Dhaliwal, R. S. 36770, Programming with FORTRAN 77 :, 1989.
